=LDR 00000nam 2200000 4500 =001 INLIS000000000018312 =005 20130612113506 =008 ***********************************Ind** =035 ##$$0010-061300000018312 =041 ##$$a Ind =082 ##$$a 636.08 =090 ##$$a 636.08, Hut k =100 ##$$a Hutoyo, Wiro =245 ##$$a Kerja ringan hasilnya lumayan, cara cepat untuk menghasilkan uang, Wiro =260 ##$$a 1994 $b [s.l] =300 ##$$a 95 hlm, ilus, 21 cm =650 ##$$a Ayam dan Ikan =850 ##$$a NBPNMAT